| 000 | 00743nam a22002177a 4500 | ||
|---|---|---|---|
| 003 | 0 | ||
| 005 | 20250923125116.0 | ||
| 008 | 250923b xxu||||| |||| 00| 0 eng d | ||
| 020 | _a978-1-03-261874-6 | ||
| 050 |
_aHD 60 _b.B75 2025 |
||
| 100 |
_aBrindle, Margaret, _eauthor. |
||
| 245 |
_aSocial entrepreneurship for development : _ba business model / _cMargaret Brindle. |
||
| 260 |
_aNew York, NY : _bRoutledge, _c2025. |
||
| 300 |
_axii, 259 pages : _billustrations ; _c25 cm. |
||
| 504 | _aIncludes bibliographical references and index. | ||
| 650 | _aSocial entrepreneurship. | ||
| 650 | _aSocial responsibility of business. | ||
| 650 |
_aEconomic development _xDeveloping countries. |
||
| 650 | _aBusiness planning. | ||
| 942 |
_2lcc _cBK |
||
| 999 |
_c368074 _d368074 |
||